01262nam a22003015i 4500999001700000003000900017005001700026008004100043020001800084040004300102082002200145100004800167245018600215250002100401250002400422264005300446264001000499300005400509336002600563337002800589338002700617504005100644650002800695650003600723653002100759942001200780952016800792 c28179d28150EG-ScBUE20200302105817.0200219t20202019ii a f b 001 0 eng d a9788131257142 aEG-ScBUEbengerdacEG-ScBUEdEG-ScBUE04a617.9676bMAL2221 aMalamed, Stanley F.,d1944-eauthor.94012710aHandbook of local anesthesia /cStanley F. Malamed, DDS, Dentist Anesthesiologist, Emeritus Professor of Dentistry Herman Ostrow School of Dentistry of USC, Los Angeles, California. aSeventh edition. aSouth Asia edition. 1aNew Delhi :bElsevier India :bRELX India,c2020 4cc2019 axvii, 445 pages :billustrations (color) ;c28 cm atextbtxt2rdacontent aunmediatedbn2rdamedia avolumebnc2rdacarrier aIncludes bibliographical references and index. 7aLocal anesthesia2BUEsh 7aAnesthesia in dentistry.2BUEsh bDDENTcMarch2020 2ddccBB 00102ddc40708Scien G.aMAINbMAINc1STd2020-03-02ePurchaseg1200.00l2m64o617.9676 MALp000048838r2025-07-15 00:00:00s2024-10-02v1500.00w2020-03-02yBB